| 000 | 01439cam a2200277 4500 | ||
|---|---|---|---|
| 001 | ABS68135 | ||
| 008 | 040831n2004 000 0 eng u | ||
| 035 | _a(Sirsi) u127220 | ||
| 100 | _aNorwood, G. | ||
| 245 | _aAlternative routes to a spacious investment | ||
| 260 | _c2004 | ||
| 490 |
_aEstates Gazette _v(0431) 31 July 2004, 78-80(3) |
||
| 520 | _aReports on innovative experiments by canny developers to overcome the current property glut in the buy-to-let residential rental sector. Looks at hotel room schemes such: as the former Westbourne Hotel, Notting Hill; serviced apartments such as those created in the old GLC County Hall; upmarket timeshare marketed by hotel chains such as De Vere, Marriott and Hilton; and developments such as Peter de Savory's Bovey Castle in Devon where the right to occupy the lodge properties is purchased by taking out membership to a private club. The above alternatives have at best uncertain capital returns and exist in untried rental markets. Student buy-to-let accommodation such as the Junxion scheme in Lincoln is a more sustainable sector, buoyed up by very high demand. | ||
| 590 | _aABS | ||
| 590 | _aABS | ||
| 650 | _aRENTED HOUSING MARKET | ||
| 650 | _aTIMESHARE | ||
| 650 | _aLONDON | ||
| 650 | _aHOTEL ROOMS | ||
| 650 | _aLINCOLN | ||
| 650 | _aCLUBS | ||
| 650 | _aSTUDENT ACCOMMODATION | ||
| 650 | _aBUY-TO-LET | ||
| 690 | _aHOUSING-INVESTMENT | ||
| 942 | _n0 | ||
| 999 |
_c117924 _d117924 |
||